| 000 | 00678nam a2200205Ia 4500 | ||
|---|---|---|---|
| 003 | IN-BaIIA | ||
| 008 | 211028s9999 xx 000 0 eng d | ||
| 040 | _cIIA Library | ||
| 080 |
_a047.1:533.33 _bDEV-5 |
||
| 245 | 0 |
_aDevelopments in applied spectroscopy _bvol. 5 _cedited by L. R. Pearson and Crove E. L. |
|
| 260 |
_aNew York _bPLenum Press _c1966 |
||
| 300 | _ax, 408p. | ||
| 650 |
_aAbsoption spectroscopy _95320 |
||
| 650 | _aAstronomy and astrophysics Thesaurus | ||
| 650 |
_aOptical spectroscopy _95321 |
||
| 650 |
_aSpectroscopy _91535 |
||
| 700 |
_aCrove E. L., ed. _95322 |
||
| 700 |
_aPearson, L. R., ed. _95323 |
||
| 942 | _cBK | ||
| 999 |
_c2992 _d2992 |
||